Normal view
MARC view
Entry Nombre corporativo
001 - NÚMERO DE CONTROL
- campo de control: 40186
003 - IDENTIFICADOR DE NÚMERO DE CONTROL
- campo de control: OSt
005 - FECHA Y HORA DE LA ÚLTIMA TRANSACCIÓN
- campo de control: 20250520185229.0
008 - ELEMENTOS DE DATO DE LONGITUD-FIJA
- campo de control de longitud fija: 250520|| aca||aabn | a|a d
040 ## - FUENTE DE CATALOGACIÓN
- Centro catalogador/agencia de origen: OSt
- Centro/agencia transcriptor: OSt
110 ## - ENCABEZAMIENTO-NOMBRE DE ENTIDAD CORPORATIVA
- Nombre de entidad corporativa o nombre de jurisdicción como elemento de entrada: ESPAÑA
- Unidad subordinada: Plan de Igualdad entre Hombres y Mujeres
- Fecha del congreso o de la firma del tratado: 2012-2015
670 ## - FUENTE DE DATOS ENCONTRADOS
- Cita de la fuente: Work cat.: (OSt)23628: COORDINADORA DE ORGANIZACIONES DE MUJERES PARA LA PARTICIPACION Y LA IGUALDAD España 21800, Evaluación por la COMPI del Plan Estratégico de Igualdad entre Hombres y Mujeres 2008-2011 y propuestas para el Plan 2012-2015 /, [2012]